000 00606nam a2200193 i 4500
001 49181
003 ES-MaACL
007 t|
008 030710s1963 sp ||||1| spa d
100 1 _aCortade, Jacques.
_940813
245 1 3 _aEl misterio del perdón /
_cJacques Cortade ; [traducción por José Mª Rovira].
260 _aBarcelona :
_bNova Terra,
_c[1963]
300 _a130 p. ;
_c21 cm.
490 1 _aEl hombre nuevo ;
_v10
700 1 _aRovira Belloso, Josep Maria.
_9100143
830 0 3 _aEl hombre nuevo
_v10
_9182265
852 _aES-MaACL
_jG-7293
_bR.53882
999 _c49181
_d49181